000 00598nam a2200181Ia 4500
008 090124s9999 xx 000 0 und d
082 _b13837
_a1220
100 _aचेंदवणकर सदानंद
245 _a भारतीय शास्त्रज्ञ
250 _a1
260 _c1964
300 _a90
600 _aचेंदवणकर सदानंद
630 _a भारतीय शास्त्रज्ञ
700 _aचेंदवणकर सदानंद
730 _a भारतीय शास्त्रज्ञ
942 _cBOOK
999 _c127777
_d127777